The big fat cow that goes kapow / (Record no. 1581)

MARC details
000 -LEADER
fixed length control field 01252cam a22003257a 4500
005 - DATE AND TIME OF LATEST TRANSACTION
control field 20240905090843.0
020 ## - INTERNATIONAL STANDARD BOOK NUMBER
International Standard Book Number 9780545288484
040 ## - CATALOGING SOURCE
Original cataloging agency BTCTA
Transcribing agency BTCTA
Modifying agency TEF
-- JN4
-- UPZ
-- MOF
-- YDXCP
-- QT4
-- IGP
-- DLC
Language of cataloging eng
050 00 - LIBRARY OF CONGRESS CALL NUMBER
Classification number PZ7.G88366
Item number Bi 2009
082 04 - DEWEY DECIMAL CLASSIFICATION NUMBER
Classification number 821.92
Edition number 22
100 1# - MAIN ENTRY--PERSONAL NAME
Personal name Griffiths, Andy
Dates associated with a name 1961-
245 14 - TITLE STATEMENT
Title The big fat cow that goes kapow /
Statement of responsibility, etc. by Andy Griffiths ; illustrated by Terry Denton.
250 ## - EDITION STATEMENT
Edition statement First Scholastic printing, September 2010
260 ## - PUBLICATION, DISTRIBUTION, ETC.
Place of publication, distribution, etc. New York, NY :
Name of publisher, distributor, etc. Scholastic
Date of publication, distribution, etc. 2008
300 ## - PHYSICAL DESCRIPTION
Extent 123 pages :
Other physical details illustrations ;
Dimensions 20 cm
500 ## - GENERAL NOTE
General note Originally published: Sydney : Pan Macmillan Australia, 2008.
505 0# - FORMATTED CONTENTS NOTE
Formatted contents note J <br/>
520 ## - SUMMARY, ETC.
Summary, etc. In these ten easy-to-read stories there is a mixed-up cow that says "miaow," a mole called Noel who plays rock 'n' roll in a hole, and a boy named Mike who rides a bike with a very big spike!
521 ## - TARGET AUDIENCE NOTE
Target audience note 460 <br/>
Source Lexile <br/>
521 ## - TARGET AUDIENCE NOTE
Target audience note J <br/>
Source Raz-Plus <br/>
650 #0 - SUBJECT ADDED ENTRY--TOPICAL TERM
Topical term or geographic name entry element Animals
Form subdivision Juvenile fiction.
650 #0 - SUBJECT ADDED ENTRY--TOPICAL TERM
Topical term or geographic name entry element Boys
Form subdivision Juvenile fiction.
650 #1 - SUBJECT ADDED ENTRY--TOPICAL TERM
Topical term or geographic name entry element Animals
Form subdivision Fiction.
650 #1 - SUBJECT ADDED ENTRY--TOPICAL TERM
Topical term or geographic name entry element Boys
Form subdivision Fiction.
650 #1 - SUBJECT ADDED ENTRY--TOPICAL TERM
Topical term or geographic name entry element Humorous stories.
700 1# - ADDED ENTRY--PERSONAL NAME
Personal name Denton, Terry
Relator term illustrator
906 ## - LOCAL DATA ELEMENT F, LDF (RLIN)
a 7
b cbc
c copycat
d 2
e ncip
f 20
g y-gencatlg
942 ## - ADDED ENTRY ELEMENTS (KOHA)
Source of classification or shelving scheme Dewey Decimal Classification
Koha item type Books
Suppress in OPAC No
999 ## -
-- 1581
-- 1581
Holdings
Withdrawn status Lost status Source of classification or shelving scheme Damaged status Not for loan Collection Home library Current library Shelving location Date acquired Total Checkouts Full call number Barcode Date due Date last seen Date last checked out Copy number Price effective from Koha item type
    Dewey Decimal Classification     Juvenile Fiction Footprints International School Library Network Toul Kork Campus Footprints International School Library Network Toul Kork Campus   09/07/2023 7 DEN 821.92 PZ7.G88366 FISBK05235 01/01/2026 12/18/2025 12/18/2025 2 09/07/2023 Books
    Dewey Decimal Classification     Juvenile Fiction Footprints International School Library Network Toul Kork Campus Footprints International School Library Network Toul Kork Campus TK Primary Library Room(4th Floor), Bookcase 1&2, Shelves 1-16, Dark Blue Books 09/05/2024 3 DEN 821.92 PZ7.G88366 FISTK00608   05/28/2025 03/05/2025 3 09/07/2023 Books
    Dewey Decimal Classification     Juvenile Fiction Footprints International School Library Network Toul Kork Campus Footprints International School Library Network Toul Tom Poung Campus   09/07/2023 4 DEN 821.92 PZ7.G88366 FISSE01657   10/17/2025 10/10/2025 1 09/07/2023 Books